True grit (Record no. 443)

MARC details
000 -LEADER
fixed length control field 03184cgm a2200733Ia 4500
003 - CONTROL NUMBER IDENTIFIER
control field data
005 - DATE AND TIME OF LATEST TRANSACTION
control field 20260322212020.0
007 - PHYSICAL DESCRIPTION FIXED FIELD--GENERAL INFORMATION
fixed length control field data
008 - FIXED-LENGTH DATA ELEMENTS--GENERAL INFORMATION
fixed length control field data
020 ## - INTERNATIONAL STANDARD BOOK NUMBER
International Standard Book Number 1415727716
020 ## - INTERNATIONAL STANDARD BOOK NUMBER
International Standard Book Number 9781415727713
024 1# - OTHER STANDARD IDENTIFIER
Standard number or code 097361207742
024 1# - OTHER STANDARD IDENTIFIER
Standard number or code 097361207766
028 42 - PUBLISHER OR DISTRIBUTOR NUMBER
Publisher or distributor number 12077
Source Paramount Home Entertainment
037 ## - SOURCE OF ACQUISITION
Source of stock number/acquisition Midwest Tape
Note http://www.midwesttapes.com
040 ## - CATALOGING SOURCE
Original cataloging agency TEFMT
Transcribing agency TEFMT
Modifying agency AHS
-- OCLCQ
-- DAC
-- OCLCQ
-- TEF
-- AHS
041 1# - LANGUAGE CODE
Language code of text/sound track or separate title fre
-- fre
Language code of subtitles eng
Language code of original eng
043 ## - GEOGRAPHIC AREA CODE
Geographic area code n-usp--
050 14 - LIBRARY OF CONGRESS CALL NUMBER
Classification number PN1995.9.W4
Item number T784 2007
082 04 - DEWEY DECIMAL CLASSIFICATION NUMBER
Classification number 791.43/72
Edition information 22
090 ## - LOCALLY ASSIGNED LC-TYPE CALL NUMBER (OCLC); LOCAL CALL NUMBER (RLIN)
Classification number (OCLC) (R) ; Classification number, CALL (RLIN) (NR) DVD 679
001 - CONTROL NUMBER
control field data
245 10 - TITLE STATEMENT
Title True grit
Medium [videorecording] /
Statement of responsibility, etc. Hal B. Wallis ... [et al.].
250 ## - EDITION STATEMENT
Edition statement Special collector's ed. ; Widescreen.
260 ## - PUBLICATION, DISTRIBUTION, ETC.
Place of publication, distribution, etc. Hollywood, Calif. :
Name of publisher, distributor, etc. Paramount Home Entertainment,
Date of publication, distribution, etc. [2007]
300 ## - PHYSICAL DESCRIPTION
Extent 1 videodisc (127 min.) :
Other physical details sd., col. ;
Dimensions 4 3/4 in.
490 1# - SERIES STATEMENT
Series statement John Wayne collection.
500 ## - GENERAL NOTE
General note Title from container.
500 ## - GENERAL NOTE
General note From the novel by Charles Portis.
500 ## - GENERAL NOTE
General note Originally released as a motion picture in 1969.
500 ## - GENERAL NOTE
General note Special features: Commentary by Jeb Rosebrook, Bob Boze Bell and J. Stuart Rosebrook; True writing; working with the Duke; "Aspen gold:" the locations of True grit; "The law and the lawless;" theatrical trailer.
508 ## - CREATION/PRODUCTION CREDITS NOTE
Creation/production credits note Music score, Elmer Bernstein ; title song, Glen Campbell.
511 1# - PARTICIPANT OR PERFORMER NOTE
Participant or performer note John Wayne, Glen Campbell, Kim Darby, Jeremy Slate, Robert Duvall, Strother Martin.
520 ## - SUMMARY, ETC.
Summary, etc. U.S. Marshal Rooster Cogburn helps a headstrong young girl find the man who murdered her father in Native American territory and fled with the family savings. When Rooster's employer insists on accompanying the old gunfighter, sparks fly. The situation goes from troubled to disastrous when an inexperienced Texas Ranger joins the party.
521 8# - TARGET AUDIENCE NOTE
Target audience note MPAA rating: G.
538 ## - SYSTEM DETAILS NOTE
System details note DVD, region 1, widescreen (16x9, enhanced) presentation; Dolby Digital 5.1 surround, Dolby Digital mono., NTSC.
546 ## - LANGUAGE NOTE
Language note English (Dolby 5.1, Dolby mono.) or French (Dolby mono.) dialogue, English subtitles; closed-captioned.
650 #0 - SUBJECT ADDED ENTRY--TOPICAL TERM
Topical term or geographic name entry element Marshals
Form subdivision Drama.
Geographic subdivision West (U.S.)
650 #0 - SUBJECT ADDED ENTRY--TOPICAL TERM
Topical term or geographic name entry element Murder
General subdivision Investigation
Form subdivision Drama.
Geographic subdivision West (U.S.)
650 #0 - SUBJECT ADDED ENTRY--TOPICAL TERM
Topical term or geographic name entry element Criminal behavior
Form subdivision Drama.
Geographic subdivision West (U.S.)
650 #0 - SUBJECT ADDED ENTRY--TOPICAL TERM
Topical term or geographic name entry element Man-woman relationships
Form subdivision Drama.
Geographic subdivision West (U.S.)
651 #0 - SUBJECT ADDED ENTRY--GEOGRAPHIC NAME
Geographic name West (U.S.)
Form subdivision Drama.
655 #0 - INDEX TERM--GENRE/FORM
Genre/form data or focus term Western films.
655 #0 - INDEX TERM--GENRE/FORM
Genre/form data or focus term Feature films.
655 #0 - INDEX TERM--GENRE/FORM
Genre/form data or focus term Fiction films.
655 #0 - INDEX TERM--GENRE/FORM
Genre/form data or focus term Video recordings for the hearing impaired.
655 #7 - INDEX TERM--GENRE/FORM
Genre/form data or focus term Western
Form subdivision Feature.
Source of term migfg.
655 #7 - INDEX TERM--GENRE/FORM
Genre/form data or focus term Crime
Form subdivision Feature.
Source of term migfg.
655 #7 - INDEX TERM--GENRE/FORM
Genre/form data or focus term Feature films.
Source of term gsafd.
655 #7 - INDEX TERM--GENRE/FORM
Genre/form data or focus term Western films.
Source of term gsafd.
700 1# - ADDED ENTRY--PERSONAL NAME
Personal name Wallis, Hal B.,
Dates associated with a name 1899-1986.
700 1# - ADDED ENTRY--PERSONAL NAME
Personal name Roberts, Marguerite,
Dates associated with a name -1989.
700 1# - ADDED ENTRY--PERSONAL NAME
Personal name Hathaway, Henry,
Dates associated with a name 1898-1985.
700 1# - ADDED ENTRY--PERSONAL NAME
Personal name Wayne, John,
Dates associated with a name 1907-1979.
700 1# - ADDED ENTRY--PERSONAL NAME
Personal name Campbell, Glen,
Dates associated with a name 1936-
700 1# - ADDED ENTRY--PERSONAL NAME
Personal name Darby, Kim,
Dates associated with a name 1947-
700 1# - ADDED ENTRY--PERSONAL NAME
Personal name Slate, Jeremy.
700 1# - ADDED ENTRY--PERSONAL NAME
Personal name Duvall, Robert.
700 1# - ADDED ENTRY--PERSONAL NAME
Personal name Martin, Strother,
Dates associated with a name 1919-1980.
700 1# - ADDED ENTRY--PERSONAL NAME
Personal name Portis, Charles.
710 2# - ADDED ENTRY--CORPORATE NAME
Corporate name or jurisdiction name as entry element Paramount Pictures Corporation.
710 2# - ADDED ENTRY--CORPORATE NAME
Corporate name or jurisdiction name as entry element Paramount Home Entertainment (Firm)
830 #0 - SERIES ADDED ENTRY--UNIFORM TITLE
Uniform title John Wayne collection.
Holdings
Withdrawn status Lost status Damaged status Not for loan Home library Current library Shelving location Date acquired Total checkouts Full call number Barcode Date last seen Price effective from Koha item type
        Franklin Franklin General stacks 22/03/2026   791.43/72 22 BC0010454 22/03/2026 22/03/2026 Books